Central Library OPAC University of Rajshahi

The Japanese theatre : (Record no. 16336)

MARC details
000 -LEADER
fixed length control field 01047cam a2200289 a 4500
001 - CONTROL NUMBER
control field 16336
003 - CONTROL NUMBER IDENTIFIER
rucl marc code BD-RjUL
005 - DATE AND TIME OF LATEST TRANSACTION
control field 20211209000010.0
008 - FIXED-LENGTH DATA ELEMENTS--GENERAL INFORMATION
fixed length control field 140213t19951990njua b 001 0 eng
020 ## - INTERNATIONAL STANDARD BOOK NUMBER
International Standard Book Number 0691043337 (pbk. : alk. paper)
035 ## - SYSTEM CONTROL NUMBER
System control number (BD-RjUL)16391
040 ## - CATALOGING SOURCE
Original cataloging agency DLC
Transcribing agency DLC
Modifying agency DLC
-- BD-RjUL
Language of cataloging eng
041 ## - LANGUAGE CODE
Language code of text/sound track or separate title eng
082 00 - DEWEY DECIMAL CLASSIFICATION NUMBER
Classification number 792.0952
Edition number 20
Author mark and year ORJ 1995
100 1# - MAIN ENTRY--PERSONAL NAME
Personal name Ortolani, Benito.
9 (RLIN) 50504
245 14 - TITLE STATEMENT
Title The Japanese theatre :
Remainder of title from shamanistic ritual to contemporary pluralism /
Statement of responsibility, etc. Benito Ortolani.
250 ## - EDITION STATEMENT
Edition statement Rev. ed.
260 ## - PUBLICATION, DISTRIBUTION, ETC. (IMPRINT)
Place of publication, distribution, etc. Princeton, N.J. :
Name of publisher, distributor, etc. Princeton University Press,
Date of publication, distribution, etc. c1990 [Reprinted 1995].
300 ## - PHYSICAL DESCRIPTION
Pagination xv, 375 p. :
Illustrations ill. ;
Size 24 cm.
504 ## - BIBLIOGRAPHY, ETC. NOTE
Bibliography, etc Includes bibliographical references and index.
650 #0 - SUBJECT ADDED ENTRY--TOPICAL TERM
Topical term or geographic name as entry element Theater
Geographic subdivision Japan
General subdivision History.
9 (RLIN) 50505
856 41 - ELECTRONIC LOCATION AND ACCESS
Materials specified Table of contents
Uniform Resource Identifier <a href="http://www.loc.gov/catdir/toc/prin031/94023504.html">http://www.loc.gov/catdir/toc/prin031/94023504.html</a>
Materials specified Publisher description
Uniform Resource Identifier <a href="http://www.loc.gov/catdir/description/prin021/94023504.html">http://www.loc.gov/catdir/description/prin021/94023504.html</a>
942 ## - ADDED ENTRY ELEMENTS (KOHA)
Source of classification or shelving scheme Dewey Decimal Classification
Koha item type Books
Holdings
Lost status Source of classification or shelving scheme Damaged status Not for loan Collection code Permanent Location Current Location Shelving location Date acquired Source of acquisition Total Checkouts Full call number Date last seen Date checked out Copy number Koha item type
  Dewey Decimal Classification     Non-fiction Central Library, University of Rajshahi Central Library, University of Rajshahi   10/02/2002 Japan Fundation gift 1 792.0952 ORJ 1995 30/10/2023 05/09/2023 C-2 Books
  Dewey Decimal Classification   Not For Loan Non-fiction Central Library, University of Rajshahi Central Library, University of Rajshahi Reading Room 06/01/1999 Asia foundation   792.0952 ORJ 1995 23/01/2017   C-1 Books